000 00251nam a2200109Ia 4500
008 220204s9999 xx 000 0 und d
082 _a82-3
_bSTE
100 _aStearn, Kelly
245 0 _aLovin' feelings
260 _aLondon
_bAllen
_c1983
942 _cBK
999 _c38760
_d38760